[Event "Olympiad-36"]
[Site "Mallorca"]
[Date "2004.10.28"]
[Round "13"]
[White "Carlsen, Magnus"]
[Black "Kulaots, Kaido"]
[Result "1/2-1/2"]
[WhiteElo "2581"]
[BlackElo "2597"]
[PlyCount "99"]
[EventDate "2004.10.15"]
[EventType "team-swiss"]
[EventRounds "14"]
[EventCountry "ESP"]
[SourceTitle "CBM 104"]
[Source "ChessBase"]
[SourceDate "2005.01.27"]
[SourceVersion "1"]
[SourceVersionDate "2005.01.27"]
[SourceQuality "1"]
[WhiteTeam "Norway"]
[BlackTeam "Estonia"]
[WhiteTeamCountry "NOR"]
[BlackTeamCountry "EST"]

1. d4 d5 2. c4 c6 3. Nf3 Nf6 4. Nc3 dxc4 5. a4 Bf5 6. Ne5 Nbd7 7. Nxc4 Nb6 8. Ne5 a5 9. Bg5 h6 10. Bh4 e6 11. e4 Bh7 12. f3 Be7 ({RR} 12... Bb4 13. Be2 Qc7 14. Bg3 Bd6 15. Rc1 Rd8 16. Nb5 Bb4+ 17. Kf1 Qe7 18. Rxc6 bxc6 19. Nxc6 Qd7 20. Nxd8 O-O 21. Kf2 Bxe4 22. fxe4 Nxe4+ 23. Kg1 Qxd8 24. Bd3 Nxg3 25. hxg3 Qg5 26. Kh2 Nd5 27. Qf3 {Fedoseev,V (2685)-Holt,C (2540) chess.com INT 2024 ½-½ (67)}) 13. Bf2 O-O ({RR} 13... Nfd7 14. Nd3 O-O 15. Be2 Rc8 16. O-O c5 17. dxc5 Nxc5 18. Nxc5 Bxc5 19. Bxc5 Rxc5 20. Qxd8 Rxd8 {½-½ (20) Gelfand,B (2724)-Nakamura,H (2660) Biel 2005}) 14. Be2 Nbd7 $146 ({RR} 14... Nfd7 15. Nd3 Bd6 16. O-O Kh8 17. Qb3 Qe7 18. Rac1 Rfc8 19. Rfe1 f6 20. Bf1 Bc7 21. e5 Bxd3 22. Bxd3 fxe5 23. dxe5 Nxe5 24. Rxe5 Bxe5 25. Qxb6 Bxh2+ 26. Kxh2 Qd6+ 27. Bg3 Qxd3 28. Qxb7 Qg6 29. Ne4 {Khmelniker,I (2427)-Velcheva,M (2294) Sunny Beach 2007 1-0 (38)}) ({RR} 14... Nfd7 15. Nd3 Bd6 16. Rc1 Qe7 17. Qb3 Bc7 18. O-O Rac8 19. Kh1 Kh8 20. Rfe1 Qg5 21. Bf1 Rfe8 22. Ne5 Nxe5 23. dxe5 Nd7 24. Qxb7 Nxe5 25. Bg3 Qe7 26. Nb5 Bb8 27. Qxe7 Rxe7 28. Red1 Rf8 29. Nd6 {Avrukh,B (2632)-Grigoriants,S (2573) Dagomys 2008 1-0 (38)}) 15. Nd3 Qb8 16. O-O Bd8 17. Qb3 Bb6 18. Rad1 Qa7 19. Ne5 Qb8 20. Nc4 Bc7 21. g3 Qc8 22. Rd2 Rb8 23. Rfd1 Qe8 24. Qa3 Ra8 25. Bf1 Qb8 26. Qb3 Re8 27. d5 exd5 28. exd5 Ne5 29. Kg2 cxd5 30. Nxe5 Bxe5 31. Nxd5 Nxd5 32. Rxd5 Bf5 33. Qb5 f6 34. Bb6 Qc8 35. Rd8 Qc6 36. Rxe8+ Qxe8 37. Qxe8+ Rxe8 38. Rd2 Rc8 39. Bxa5 Bc2 40. Bb5 Bxb2 41. Bd7 Rc5 42. Bb6 Bc1 43. Re2 Rc3 44. Ba5 Rc5 45. Bb4 Rc7 46. Re7 Kh8 47. Bd6 Rc4 48. Re1 Rd4 49. Rxc1 Rxd6 50. Rxc2 1/2-1/2

[Event "Hoogeveen Essent Crown"]
[Site "Hoogeveen"]
[Date "2004.10.18"]
[Round "2"]
[White "Sokolov, Ivan"]
[Black "Carlsen, Magnus"]
[Result "1-0"]
[WhiteElo "2663"]
[BlackElo "2581"]
[Annotator "Dautov,Rustem"]
[PlyCount "101"]
[EventDate "2004.10.17"]
[EventType "tourn"]
[EventRounds "6"]
[EventCountry "NED"]
[EventCategory "15"]
[SourceTitle "CBM 104"]
[Source "ChessBase"]
[SourceDate "2005.01.27"]
[SourceVersion "1"]
[SourceVersionDate "2005.01.27"]
[SourceQuality "1"]

1. d4 Nf6 2. c4 e6 3. Nf3 d5 4. Nc3 Be7 5. Bf4 O-O 6. e3 Nbd7 7. c5 c6 8. h3 b6 9. b4 a5 10. a3 Ba6 11. Bxa6 Rxa6 12. O-O {I. Sokolov verzichtet auf die scharfe Variante 12.b5 und zieht das ruhige Fahrwasser vor.} (12. b5 cxb5 13. c6 Qc8 14. c7) 12... Qa8 13. Nd2 $146 {Sokolov weicht vom Plan mit der Überführung e1-d3, der in der letzten Zeit recht populär geworden ist.} (13. Rb1 Qb7 14. Qc2 axb4 15. axb4 Rfa8 16. Ne1 b5 17. Nd3 Bd8 18. f3 Bc7 19. g4 Qb8 20. Bxc7 Qxc7 21. Qh2 Qd8 $1 $11 {Ponomariov,R-Vallejo Pons,F/Leon 2003}) 13... Qb7 14. Rb1 axb4 15. axb4 Ra3 (15... Rfa8 16. Qc2 b5 $11) 16. Qc2 Rfa8 17. Rfc1 bxc5 $146 {Die Öffnung der b-Linie kommt nur Weiß zugute, der die Schwäche c6 angreifen kann. Ein typisches Vorgehen in solchen Stellungen ist die Schließung des Damenflügels mit 17...b5, gefolgt von der Überführung des Läufers nach c7, siehe z. B. Dautov-Kasimdzhanov/2002.} (17... b5 $1 18. Nb3 Bd8 $11) ({RR} 17... Bd8 18. Nb3 b5 19. Qb2 R3a6 20. Ra1 h6 21. Rxa6 Rxa6 22. Ra1 Ne8 23. g4 Qa8 24. Rxa6 Qxa6 25. Kg2 Kf8 26. Bg3 Kg8 27. f3 Bc7 28. Bxc7 Nxc7 29. Na5 Qa8 30. Ne2 Na6 31. Nf4 Qc8 32. Nd3 {Svane,R (2646)-Akobian,V (2582) Douglas IOM 2023 ½-½ (77)}) ({RR} 17... h6 18. Nb3 bxc5 19. bxc5 Bd8 20. Rb2 Qc8 21. Ra2 Rxa2 22. Nxa2 Bc7 23. Bxc7 Qxc7 24. Rb1 e5 25. Nb4 Ne4 26. Rb2 exd4 27. Nxd4 Ra5 28. Qb1 Ne5 29. f3 Nc3 30. Qe1 Nb5 31. Nxb5 Rxb5 32. Nxd5 {Nezad,H (2365)-Baramidze,D (2612) Tromsoe 2014 1-0 (49)}) 18. bxc5 Qa6 19. Nb3 Bd8 20. Qb2 Qc4 21. Nd2 Qa6 22. Nf3 $1 {[%cal Rf3e1,Re1c2,Rc2b4] Weiß findet den richtigen Plan - sein Springer strebt nach b4.} h6 $6 {Carlsen verliert nur die kostbare Zeit, energischer war das sofortige 22...e4. Carlsen verliert nur die kostbare Yeit.} (22... Ne4 $1 23. Nxe4 dxe4 24. Ne1 Ra2 25. Qb7 (25. Qb3 Nf6 $11 {d5}) 25... Qxb7 26. Rxb7 Nf6 27. Bc7 Nd5 28. Bxd8 Rxd8 $11) 23. Ne1 $1 $14 Ne4 24. Nxe4 dxe4 25. Nc2 Ra2 26. Qb3 $1 {Nun ist c2-b4 nicht zu vermeiden, und Schwarz muß sich auf eine lange Verteidigung einstellen...} (26. Qb7 Qxb7 27. Rxb7 Nf6 $11) 26... Qe2 $2 {Aber das will er nicht! Carlsen stürmt stattdessen nach vorn, aber sein Angriff misslingt. Besser war das passive 26...c8.} (26... Qc8 27. Nb4 R2a4 $14 {f6-d5}) 27. Bg3 $1 Nf6 ({Nach} 27... h5 {hat Weiß sogar zwei gute Möglichkeiten:} 28. Qb7 (28. Nb4 h4 29. Re1 Qd2 30. Red1 Qe2 31. Nxa2 hxg3 32. Nc3 $16) 28... h4 29. Bd6 Nf6 (29... Rxc2 30. Rxc2 Qxc2 31. Qxa8 Qxb1+ 32. Kh2 $18) 30. Qxc6 $16) 28. Nb4 R2a3 29. Qc4 $1 {Hat Schwarz diesen Zug übersehen? Weiß tauscht die Damen und gewinnt anschließend den Bauern c6. Die Partie ist entschieden.} Qxc4 30. Rxc4 $18 Ra1 (30... Rc8 31. Nxc6 $1 $18) 31. Rcc1 Rxb1 32. Rxb1 Rc8 33. Nxc6 $1 Rxc6 34. Rb8 Kh7 35. Rxd8 Nd5 36. Rd7 Kg6 37. Ra7 Rc8 38. Kf1 Nb4 39. f3 Nc6 40. Rb7 f5 41. Bd6 Na5 42. Rd7 Nc4 43. Kf2 Ra8 44. fxe4 fxe4 45. Bf4 Kf6 46. c6 g5 47. Bg3 Ra2+ 48. Kg1 Ra1+ 49. Kh2 Kg6 50. c7 Nxe3 51. c8=Q 1-0

[Event "Hoogeveen Essent Crown"]
[Site "Hoogeveen"]
[Date "2004.10.19"]
[Round "3"]
[White "Carlsen, Magnus"]
[Black "Short, Nigel D"]
[Result "1-0"]
[WhiteElo "2581"]
[BlackElo "2687"]
[Annotator "Dautov,Rustem"]
[PlyCount "107"]
[EventDate "2004.10.17"]
[EventType "tourn"]
[EventRounds "6"]
[EventCountry "NED"]
[EventCategory "15"]
[SourceTitle "CBM 104"]
[Source "ChessBase"]
[SourceDate "2005.01.27"]
[SourceVersion "1"]
[SourceVersionDate "2005.01.27"]
[SourceQuality "1"]

1. d4 Nf6 2. c4 e6 3. Nf3 d5 4. Nc3 Be7 5. Bf4 O-O 6. e3 c5 7. dxc5 Bxc5 8. cxd5 Nxd5 9. Nxd5 exd5 10. a3 Nc6 11. Bd3 Bb6 12. O-O d4 13. e4 Bg4 14. h3 Bh5 15. g4 Bg6 16. Nd2 {Der beste Plan, Weiß möchte seinen f-Bauern möglichst schnell aktivieren.} ({RR} 16. Rc1 Rc8 17. Re1 Kh8 18. Kg2 f6 19. Nh4 Bc7 20. Bxc7 Qxc7 21. Bb5 Qb6 22. Bxc6 Rxc6 23. Rxc6 bxc6 24. Nxg6+ hxg6 25. b4 c5 26. bxc5 Qxc5 27. Qd3 Qe5 28. Rb1 Re8 29. Rb7 Qxe4+ 30. Qxe4 Rxe4 {Karpov,A (2760)-Beliavsky,A (2635) Tilburg 1993 ½-½ (35)}) 16... f6 (16... Bc7 17. Bxc7 Qxc7 18. f4 f6 19. h4 Rae8 20. Qf3 h6 21. Rf2 Bh7 22. Raf1 Qe7 23. Qh3 g5 24. fxg5 fxg5 25. Bc4+ Kh8 26. Rf7 $14 {Krasenkow,M-Skalik,P/Polska 1999}) (16... Re8 17. Bg3 $14) 17. Rc1 $146 ({Mehr verbreitet ist die Zugreihenfolge} 17. Nc4 Bc7 (17... Re8 18. Nd6 $36) 18. Bxc7 Qxc7 19. f4 Bf7 $1 {Dies scheint das beste Vorgehen für Schwarz zu sein, der mobile c4 kann nun jeden Moment abgetauscht werden.} (19... Rac8 $6 20. Rc1 Rfe8 21. Qf3 $5 b5 22. Nd2 Qb6 23. h4 $5 Na5 24. b4 $16 {Gurevich,M-Lutz,C/Deutschland 2000}) 20. Rc1 Kh8 21. b4 Bxc4 22. Rxc4 Qd6 (22... Qb6 $1 $132 {a5}) 23. Bc2 Rfd8 24. Qd3 g6 25. Rc5 a5 $1 26. Rd5 Qc7 $132 {Pelletier,Y-Ubilava,E/Espana 2000}) ({RR} 17. Nc4 Bc7 18. Bxc7 Qxc7 19. f4 Bf7 20. Rc1 Kh8 21. b4 Bxc4 22. Rxc4 Qd6 23. Bc2 Rfd8 24. Qd3 g6 25. Rc5 a5 26. Rd5 Qc7 27. b5 Ne7 28. Rxd4 Qc5 29. Rd1 Rxd4 30. Qxd4 Qxc2 31. Qxf6+ Kg8 {Pelletier,Y (2474)-Ubilava,E (2532) Barcelona 2000 ½-½ (34)}) ({RR} 17. Nc4 Bc7 18. Bxc7 Qxc7 19. f4 Rae8 20. Qf3 Bf7 21. Rac1 g5 22. e5 fxe5 23. Qe4 Bg6 24. f5 Bf7 25. Nd2 Qa5 26. Nf3 Bd5 27. Bc4 Bxc4 28. Rxc4 Qb5 29. Rc2 d3 30. Rd2 Rd8 31. Nxg5 Qb6+ {Bryakin,M (2462)-Sabuk,P (2391) Dimitrovgrad SRB 2023 1-0 (38)}) ({RR} 17. Nc4 Bc7 18. Bxc7 Qxc7 19. f4 Kh8 20. Qf3 Na5 21. Nxa5 Qxa5 22. Rac1 Rac8 23. Qe2 h6 24. Rfe1 Rxc1 25. Rxc1 Re8 26. Qc2 Bh7 27. Rd1 Qd8 28. Rc1 Qd6 29. Qc7 Qxc7 30. Rxc7 Bxe4 31. Bxe4 Rxe4 {Tregubov,P (2628)-Georgiev,K (2676) Ohrid 2001 ½-½ (64)}) 17... Kh8 18. Nc4 Bc7 19. Bxc7 Qxc7 20. f4 Rae8 $146 {Der erste neue Zug, mit 20...f7 könnte Schwarz zu der Partie Pelletier-Ubilava wechseln.} (20... Bf7 $1) 21. Qf3 Qe7 22. Rce1 Bf7 23. Nd2 $1 {Weiß behält vernünftigerweise den Springer, den er auf f3 gut gebrauchen kann.} g5 $1 {Schwarz kann nicht passiv bleiben und das Aufrollen der gegnerischen Bauern h4, g5 kampflos erlauben. Der Plan der schwarzfeldrigen Blockade ist naheligend und richtig.} (23... a6 24. h4 $1 (24. Qg3 g5 $1 $132) 24... h6 25. g5 $1 fxg5 $2 26. hxg5 hxg5 27. Qh3+ Kg8 28. e5 g6 29. e6 Bxe6 30. Rxe6 $18) 24. Bb5 a6 $2 {Dieser Fehler kostet Schwarz die Partie. Wahrscheinlich hat Nigel die Gefahren des entstehenden Endspiel nicht rechtzeitig erkannt. Notwendig war 24...g6, wonach die Stellung im dynamischen Gleichgewicht geblieben wäre.} (24... Bg6 $1 25. Qd3 (25. Qg3 Qc5) (25. Bxc6 bxc6 26. f5 $2 Bf7 27. e5 $2 Bd5 $17) 25... Rd8 $11) 25. Bxc6 bxc6 26. fxg5 fxg5 27. Qf6+ $1 Kg8 $2 {Wohl oder übel mußte Schwarz die Damen tauschen. Selbst wenn das Endspiel nach 27...xf6 sehr schlecht für ihn ist, war es der Partiefortsetzung vorzuziehen.} (27... Qxf6 28. Rxf6 c5 29. e5 $1 (29. Ref1 Kg7 30. Rxa6 Rb8 31. Ra7 Kg8 32. e5 $1 $16) 29... Re7 (29... Bg6 30. Rxa6 Rb8 31. b3 $16) (29... Kg7 30. Rxa6 $16) 30. Nf3 Rfe8 31. Rd6 $1 a5 32. Rc1 $16) 28. Qxd4 c5 29. Qf6 Qxf6 30. Rxf6 $18 {Jetzt hat Weiß einen Mehrbauern und eine bessere Stellung dazu. Die Partie ist entschieden.} Rb8 31. Nf3 Rxb2 32. Nxg5 Ba2 33. Rxf8+ Kxf8 34. Nxh7+ Ke7 35. Ng5 c4 36. Rc1 Rb3 37. Kf2 c3 (37... Rxa3 38. Ra1 c3 39. Ke3 $18) 38. e5 Rxa3 39. Ne4 c2 40. Rxc2 Rxh3 41. Rc7+ Kd8 42. Ra7 Bc4 43. g5 Rh4 44. Nd6 Be6 45. g6 Rg4 46. g7 a5 47. Kf3 Rg1 48. Nb7+ Ke8 49. Nc5 Bf7 50. Ne4 Rxg7 51. Nd6+ Kf8 52. Ra8+ Ke7 53. Nf5+ Kd7 54. Ra7+ 1-0

[Event "Hoogeveen Essent Crown"]
[Site "Hoogeveen"]
[Date "2004.10.23"]
[Round "6"]
[White "Carlsen, Magnus"]
[Black "Sokolov, Ivan"]
[Result "1/2-1/2"]
[WhiteElo "2581"]
[BlackElo "2663"]
[PlyCount "72"]
[EventDate "2004.10.17"]
[EventType "tourn"]
[EventRounds "6"]
[EventCountry "NED"]
[EventCategory "15"]
[SourceTitle "CBM 104"]
[Source "ChessBase"]
[SourceDate "2005.01.27"]
[SourceVersion "1"]
[SourceVersionDate "2005.01.27"]
[SourceQuality "1"]

1. d4 d5 2. c4 c6 3. Nf3 Nf6 4. Nc3 dxc4 5. a4 Bf5 6. Ne5 Nbd7 7. Nxc4 Nb6 8. Ne5 a5 9. Bg5 h6 10. Bh4 e6 11. e4 Bh7 12. Be2 Be7 13. f3 Nfd7 14. Bxe7 Qxe7 15. Nxd7 $146 ({RR} 15. Qb3 Qb4 16. Qxb4 axb4 17. Nxd7 Kxd7 18. Nd1 Rxa4 19. Rxa4 Nxa4 20. Kd2 f5 21. exf5 Bxf5 22. Ne3 Nb6 23. Ra1 Ra8 24. Rxa8 Nxa8 25. Nxf5 exf5 26. f4 Nc7 27. Bc4 Kd6 28. g3 b6 29. Bd3 Ke6 {Wigbout,R-Calvert,D (2069) Coulsdon 2009 0-1 (42)}) 15... Nxd7 16. O-O O-O 17. Qd2 Qb4 18. Nb1 Rfd8 19. Rd1 f5 20. Qxb4 axb4 21. Nd2 fxe4 22. fxe4 Nf6 23. e5 Ne8 24. Nc4 Bc2 25. Rd2 Rxa4 26. Rxa4 Bxa4 27. Bg4 Nc7 28. Nd6 b6 29. Rf2 Rf8 30. Rxf8+ Kxf8 31. Nc8 Bb3 32. Nxb6 Nb5 33. Nd7+ Ke7 34. Nc5 Nxd4 35. Kf2 Bd5 36. Ke3 Nc2+ 1/2-1/2

[Event "ESP-chT"]
[Site "Sanxenxo"]
[Date "2004.11.19"]
[Round "2"]
[White "Sokolov, Ivan"]
[Black "Carlsen, Magnus"]
[Result "1-0"]
[WhiteElo "2663"]
[BlackElo "2581"]
[PlyCount "91"]
[EventDate "2004.11.18"]
[EventType "team"]
[EventRounds "9"]
[EventCountry "ESP"]
[SourceTitle "CBM 105"]
[Source "ChessBase"]
[SourceDate "2005.04.11"]
[SourceVersion "1"]
[SourceVersionDate "2005.04.11"]
[SourceQuality "1"]

1. d4 Nf6 2. c4 g6 3. Nc3 d5 4. Bf4 Bg7 5. Rc1 O-O 6. e3 c5 7. dxc5 Na6 8. cxd5 Nxc5 9. Be5 ({RR} 9. f3 Qa5 10. e4 e6 11. d6 e5 12. Be3 Be6 13. Bb5 Rfd8 14. Bxc5 a6 15. b4 Qa3 16. Be2 Rac8 17. Qd2 Nh5 18. Nh3 Bxh3 19. gxh3 Nf4 20. O-O Rd7 21. Rfd1 b6 22. Nb1 Qa4 23. Bxb6 Rxc1 {Altini,N (2357)-Oksendal,M (2235) chess.com INT 2025 0-1 (31)}) 9... Qa5 10. Nf3 Rd8 11. Qd2 $146 ({RR} 11. d6 Nce4 12. Qa4 Qxa4 13. Nxa4 exd6 14. Bxf6 Bxf6 15. Nd4 Bxd4 16. exd4 Bd7 17. Nc3 Re8 18. Ne2 a5 19. f3 Nf6 20. Kd2 Ra6 21. Nc3 Rb6 22. Nd1 Nd5 23. b3 a4 24. Bc4 Nf4 25. Nc3 axb3 {Oms Pallisse,J (2528)-Edouard,R (2636) Barcelona 2010 0-1 (62)}) 11... Nxd5 12. Nxd5 Qxd2+ 13. Nxd2 Rxd5 14. Bxg7 Kxg7 15. e4 Nd3+ 16. Bxd3 Rxd3 17. Ke2 Rd6 18. Rc7 b6 19. Rd1 Rd7 20. Rxd7 Bxd7 21. Nb1 Be6 22. Nc3 Rc8 23. Ke3 f6 24. f4 Kf7 25. Rd4 Ke8 26. a3 Rc5 27. Ra4 a5 28. Rd4 Bb3 29. h4 h5 30. g3 Be6 31. Na4 Rc6 32. b4 axb4 33. axb4 Bc4 34. Nxb6 Bb5 35. Nd5 Kf7 36. f5 gxf5 37. exf5 Rc1 38. Re4 Re1+ 39. Kd4 Rxe4+ 40. Kxe4 Be2 41. Nf4 Bd1 42. b5 Bc2+ 43. Ke3 Bxf5 44. b6 Bc8 45. Nxh5 Ke6 46. Ng7+ 1-0

[Event "Drammen Smartfish Masters"]
[Site "Drammen"]
[Date "2005.01.01"]
[Round "5"]
[White "Johannessen, Leif Erlend"]
[Black "Carlsen, Magnus"]
[Result "1-0"]
[WhiteElo "2519"]
[BlackElo "2581"]
[PlyCount "117"]
[EventDate "2004.12.27"]
[EventType "tourn"]
[EventRounds "9"]
[EventCountry "NOR"]
[EventCategory "14"]
[SourceTitle "CBM 105"]
[Source "ChessBase"]
[SourceDate "2005.04.11"]
[SourceVersion "1"]
[SourceVersionDate "2005.04.11"]
[SourceQuality "1"]

1. d4 Nf6 2. c4 g6 3. Nc3 Bg7 4. e4 O-O 5. Nf3 d6 6. Be2 e5 7. O-O Nc6 8. d5 Ne7 9. Ne1 Nd7 10. Be3 f5 11. f3 f4 12. Bf2 g5 13. Rc1 Rf6 14. c5 a6 15. c6 ({RR} 15. cxd6 cxd6 16. Nd3 Rh6 17. Na4 Qe8 18. Kh1 b5 19. Nc3 Nf6 20. Nb4 Bd7 21. a3 Qh5 22. Bg1 Qf7 23. Bf2 Kh8 24. Nc6 Nxc6 25. dxc6 Bxc6 26. Na4 Be8 27. Nb6 Rd8 28. Rc8 Qe7 29. Nd5 Nxd5 {Miton,K (2586)-Socko,B (2643) Warsaw 2009 ½-½ (91)}) 15... bxc6 16. dxc6 Nf8 17. Nd3 Ne6 $146 ({RR} 17... Qe8 18. Nb4 Rh6 19. Kh1 Qh5 20. Bg1 Ne6 21. Ncd5 Nxd5 22. Nxd5 Qf7 23. Bc4 Rg6 24. Qa4 g4 25. fxg4 Rxg4 26. Qa5 Kh8 27. Ne3 Rg6 28. Nf5 Bf6 29. Bd5 Rb8 30. Rc2 Rb5 31. Qd2 Qf8 32. a4 {Johansen,T (2255)-Kovachev,D (2311) Norway 2011 1-0 (49)}) ({RR} 17... Rh6 18. Nb4 Kh8 19. Re1 Qe8 20. Bf1 Rg6 21. Nbd5 Nxd5 22. exd5 g4 23. fxg4 Bxg4 24. Be2 Qc8 25. Bxg4 Qxg4 26. Qxg4 Rxg4 27. Re4 Ng6 28. Rb4 Bf6 29. h3 Rg5 30. Ne4 Rf5 31. Rb7 Bd8 32. Nxd6 {Landgren,A (2202)-Strom,L Sweden 2012 ½-½ (68)}) 18. Nb4 Rg6 19. Ncd5 Kh8 20. Nxe7 Qxe7 21. Nd5 Qf7 22. b4 Nd4 23. Bxd4 exd4 24. Rf2 Be6 25. h3 Be5 26. a4 Rh6 27. a5 Qh5 28. Bf1 Ra7 29. Rd2 Qf7 30. Rxd4 Rg6 31. Rd3 h5 32. Be2 Ra8 33. Rc2 Rag8 34. b5 axb5 35. a6 Qg7 36. a7 Ra8 37. Ra2 b4 38. Kf1 Rh6 39. Rb3 Bc3 40. Ra5 Rh7 41. Rb5 Qg8 42. Nxc3 Bxb3 43. Qd4+ Rg7 44. Qxb4 Re7 45. Qxb3 Qxb3 46. Rxb3 Rxa7 47. Nd5 Rf7 48. Rb7 Ra1+ 49. Kf2 Rc1 50. Bb5 Rc2+ 51. Kf1 Rf8 52. Nxc7 g4 53. Na6 Rc1+ 54. Ke2 Rc2+ 55. Kd3 Rxg2 56. hxg4 hxg4 57. c7 gxf3 58. Rb8 Rgg8 59. Rxf8 1-0

[Event "Drammen Smartfish Masters"]
[Site "Drammen"]
[Date "2005.01.02"]
[Round "6"]
[White "Stefanova, Antoaneta"]
[Black "Carlsen, Magnus"]
[Result "1/2-1/2"]
[WhiteElo "2523"]
[BlackElo "2581"]
[Annotator "Finkel,Alexander"]
[PlyCount "153"]
[EventDate "2004.12.27"]
[EventType "tourn"]
[EventRounds "9"]
[EventCountry "NOR"]
[EventCategory "14"]
[SourceTitle "CBM 105"]
[Source "ChessBase"]
[SourceDate "2005.04.11"]
[SourceVersion "1"]
[SourceVersionDate "2005.04.11"]
[SourceQuality "1"]

1. d4 Nf6 2. Bg5 d5 3. e3 {Antoanetta Stefanova is probably an only world champion in the history of ches who was too lazy to study openings! Nevertheless she suceeds to perform at the very high level time after time. The following game is not an exeption- white has got completely nothing after the opening and managed to outplay her opponent in the tricky middlegame struggle.} c5 4. Nd2 Nc6 5. Ngf3 cxd4 (5... Bg4 6. c3 e6 7. Qa4 Bxf3 8. Nxf3 Qb6 9. Bb5 a6 10. Bxc6+ Qxc6 11. Qxc6+ bxc6 $11 {Zimmermann,W-Juglard,E/France 1989}) (5... Qb6 6. dxc5 $6 Qxb2 7. c4 Nb4 8. Rb1 Nc2+ 9. Ke2 Qxa2 10. Bxf6 exf6 11. Nd4 Nxd4+ 12. exd4 dxc4 $15 {Berend,F-Schwartzman,G/Cannes 1992}) 6. exd4 Qb6 $5 7. Nb3 {It's quite unusual for the knight to be placed on b3, but it turns out to be not such a bad spot.} Ne4 8. Bf4 Bg4 9. Be2 a5 $146 ({RR} 9... e6 10. O-O Be7 11. c3 O-O 12. a4 a6 13. a5 Qd8 14. Nfd2 Bxe2 15. Qxe2 Nxd2 16. Qxd2 Rc8 17. Rfe1 Re8 18. Re3 Bd6 19. Bxd6 Qxd6 20. Nc5 Rc7 21. b4 Ne7 22. Rae1 Nf5 23. Re5 Qd8 24. Qf4 {Carlsen,M (2861)-Wei,Y (2736) Abidjan 2019 1-0 (41)}) 10. a4 e6 11. O-O Bd6 ({Deserved attention} 11... Bxf3 12. Bxf3 Bd6 13. Be3 Nf6 (13... f5 14. Bxe4 fxe4 15. Qg4 $16 {[%csl Re6,Rg7]}) 14. c4 Qc7 $13 {with complicated struggle.}) 12. Ne5 Bxe2 13. Qxe2 Qc7 14. f3 Nf6 15. Rae1 O-O (15... Nd7 $2 16. Nxf7 {[%csl Re8]} Bxf4 17. Qxe6+ Kf8 18. Nxh8 $18) 16. Bg5 $1 $14 {[%cal Gf3f5,Gf1f3,Gf3h3] white's got a clear plan to improve his position, while it'not so easy fr black to come up with active counterplay.} Nd7 (16... Bxe5 $6 17. dxe5 Nd7 18. f4 Nb6 19. Qg4 Kh8 20. Re3 Nxa4 21. Rh3 $18 {[%csl Rh8]}) 17. f4 Rae8 {Threatening to push f6.} (17... Nb6) 18. Bh4 f6 $6 {[%csl Re6] Creating to himself a weakness on e6.} (18... Nb6) 19. Nxd7 Qxd7 20. Qb5 Qc7 21. Bg3 f5 (21... Na7 $6 22. Qxa5 Qxc2 23. Qb6 Nc8 24. Qxb7 Qxb2 25. Qb5 $14) 22. Rf3 Bb4 $6 (22... Na7 $6 23. Qxa5 Qxa5 24. Nxa5 Bb4 25. Nxb7 Bxe1 26. Bxe1 Rb8 27. Rb3 $16) 23. c3 Na7 24. Qe2 {[%csl Re6][%cal Gb3c1,Gc1d3,Gd3e5]} Bd6 25. Nc1 Nc8 26. Nd3 Nb6 27. Bh4 $1 {[%csl Gf6] Less convincing was} (27. Re3 Rf6 28. Bh4 Rg6 29. Ne5 Bxe5 30. Rxe5 Qc6 31. Rxf5 Nxa4 32. Re5 Rf8 $14) 27... Nd7 $6 (27... Nxa4 28. Re3 Qd7 29. Rxe6 Rxe6 30. Qxe6+ Qxe6 31. Rxe6 Bc7 32. Kf2 Rc8 33. h3 $14) 28. Re3 Nf6 29. Rxe6 Ne4 30. Rxe8 Rxe8 31. Ne5 Bxe5 32. dxe5 Qc6 33. Qb5 $6 {By trading the queens white loses major part of the advantage.} (33. Rd1 $5 Qxa4 34. Qd3 Nc5 35. Qxd5+ Ne6 36. Bf2 Qxf4 37. Qb5 Re7 38. Qxa5 $16) 33... Qxb5 34. axb5 Kf7 35. Bf2 (35. Ra1 b6 36. Bf2 Nxf2 (36... Rb8 $5) 37. Kxf2 Rc8 38. b4 $1 axb4 39. cxb4 Rc4 40. Ra7+ Kg6 41. g3 Rxb4 42. Ke3 Rxb5 43. Kd4 Rb2 44. Kxd5 Rxh2 $14) 35... a4 36. Ra1 Ra8 37. Be3 (37. Bd4 Ke6 38. Ra3 Nd2 $132 {[%cal Gd2c4,Ga8a5]}) 37... a3 $5 38. bxa3 (38. Rxa3 Rxa3 39. bxa3 Nxc3 40. b6 d4 41. Bd2 Nd5 $15) 38... Nxc3 39. Kf1 Ke6 (39... Nxb5 40. Rb1 Rxa3 41. Rxb5 Rxe3 42. Rxb7+ Kg6 $11) 40. b6 Ra4 {[%cal Gd5d4]} 41. Bd2 d4 42. Rc1 Nd5 $2 (42... Rxa3 43. Bxc3 dxc3 44. Ke2 Rb3 $11) 43. Rc8 $16 Nxb6 (43... Rxa3 44. Rd8 Ra2 45. Rd6+ Ke7 46. Rxd5 Rxd2 47. Rc5 $16) 44. Rd8 Nc4 45. Bb4 Ne3+ 46. Ke2 Ra6 47. g3 $1 (47. Rxd4 Nxg2 48. Kf2 Nh4 49. Rd8 Rc6 $14) 47... Rc6 48. Kd3 g5 49. Kxd4 gxf4 50. Re8+ $6 (50. gxf4 $1 Nc2+ (50... Ng2 51. Re8+ Kd7 52. Re7+ Kc8 53. e6 Nxf4 54. Re8+ Kc7 55. Ke5 $18) 51. Kd3 Nxb4+ 52. axb4 b5 53. Rf8 $18) 50... Kd7 51. Re7+ Kd8 52. Rxh7 Rc4+ 53. Kd3 b5 54. e6 Re4 55. e7+ Kd7 56. gxf4 (56. Rh8 f3 57. Rd8+ Kc7 58. Rd4 $1 (58. e8=Q Rxe8 59. Rxe8 f2 60. Kxe3 f1=Q $11) 58... Rxe7 (58... f2 59. Rxe4 f1=Q+ 60. Kxe3 Qg1+ 61. Kf4 Qf2+ 62. Kg5 $18) 59. Rf4 (59. Bxe7 f2 60. Rf4 f1=Q+ 61. Rxf1 Nxf1 62. h4 Nxg3 63. Ke3 Kd7 $11) 59... Re5 60. Rxf3 $16) 56... Nd5 57. Bc5 Nxf4+ 58. Kd2 Ne6 59. Bb4 Nd4 60. Rf7 Nc6 61. Bc3 (61. Rxf5 Nxb4 62. axb4 Rxb4 63. Re5 Ke8 $11) 61... Rxe7 62. Rxf5 Rh7 63. Rxb5 (63. Rf2 Rh3) 63... Rxh2+ $11 64. Kd3 Rh3+ 65. Kc2 Rh2+ 66. Kb3 Rh3 67. Rd5+ Kc7 68. a4 Kb6 69. Rg5 Na5+ 70. Kc2 Rh2+ 71. Kd3 Rh3+ 72. Kc2 Rh2+ 73. Kd3 Rh3+ 74. Kd4 Rh4+ 75. Kd5 Rxa4 76. Rg6+ Kb5 77. Bxa5 1/2-1/2